000 01258cam a22002535a 4500
001 L158819
008 150730s2010 xxk f 000 0 eng d
020 _a9780977858743
035 _a(Sirsi) u158819
041 0 _aeng
050 0 4 _aF692.3
110 2 _aBuilding Owners and Managers Association International
_96157
245 0 0 _aMulti-unit residential buildings
_bStandard methods of measurement
260 _aWashington DC
_bBOMA
_c2010
300 _aiv, 33p ; 27cm
520 _aThis standard is intended for measurement of floor areas in new and existing multi-unit residential buildings containing 4 or more living units including not only rental apartments but also residential condominiums, cooperatives and other types of common interest communities where required or permitted by their declarations and/or local statutes. Uses two measurement methods: the gross method which measures unit gross area and the net method which measures unit net area to the inside finished surface enclosing walls of a unit.
590 _aKA
650 2 4 _aSTANDARDS METHODS OF MEASUREMENT
650 2 4 _aMULTI-UNIT RESIDENTIAL BUILDINGS
651 4 _aUnited States
690 _aMeasurement
_96256
690 _aResidential property
_96266
942 _n0
999 _c115519
_d115519